000 01093cam a2200289 a 4500
001 20238
003 BD-RjUL
005 20211209000534.0
008 140227s1947 ii 001 0 eng
035 _a(BD-RjUL)20300
040 _aDLC
_cDLC
_dDLC
_dBD-RjUL
_beng
041 1 _aengper
082 0 0 _a954.02580924
_219
_bKHM 1947
100 2 _aMustaidd Khan, Saqi,
_d-1724.
_962384
245 1 0 _aMaāsir-i-ʻālamgiri :
_bA history of the Emperor Aurangzib-ʻĀlamgir (reign 1658-1707 A.D.) of Saqi Mustʻad Khan /
_ctranslated into English and annotated by Sir Jadu-nath Sarkar.
260 _aCalcutta :
_bRoyal asiatic society of bengal,
_c1947.
300 _avii, 350 p. ;
_c23 cm.
500 _aTranslation of: Maʻāṣir-i ʻĀlamgīrī.
500 _aIncludes index.
600 0 0 _aAurangzeb,
_cEmperor of Hindustan,
_d1618-1707.
_962389
651 0 _aMogul Empire
_xHistory.
_919831
651 0 _aMogul Empire
_xKings and rulers
_xBiography.
_962386
700 1 _aSarkar, Jadunath,
_cSir,
_d1870-1958.
_919419
942 _2ddc
_cBK
999 _c20238
_d20238